Statystyki dla Moje TOP 20 ulubionych państw

Kliknij tutaj aby rozwiązać quiz!

Ogólne statystyki

  • Ten quiz został rozwiązany 92 razy
  • Średni wynik to 12 z 20

Statystyki odpowiedzi

Poz.Państwo% Poprawnych
1Polska
100%
18Niemcy
86%
16Ukraina
83%
3/4Czechy
76%
14Hiszpania
76%
3/4Słowacja
75%
9Włochy
70%
5Kanada
67%
10Norwegia
65%
19Japonia
64%
8Austria
63%
2Węgry
60%
7Finlandia
58%
12Szwajcaria
57%
13Chorwacja
53%
11Dania
53%
6Irlandia
52%
15Turcja
51%
17Gruzja
19%
20Bahamy
1%

Rozkład punktacji

Percentyl według liczby udzielonych odpowiedzi

Procent ludzi z każdym wynikiem

Twoja historia wyników

Nie rozwiązałeś tego quizu